<?xml version="1.0" encoding="UTF-8"?>
<record
    xmlns:xsi="http://www.w3.org/2001/XMLSchema-instance"
    xsi:schemaLocation="http://www.loc.gov/MARC21/slim http://www.loc.gov/standards/marcxml/schema/MARC21slim.xsd"
    xmlns="http://www.loc.gov/MARC21/slim">

  <leader>03476cam a2200301   4500500</leader>
  <controlfield tag="005">20260322003808.0</controlfield>
  <datafield tag="041" ind1=" " ind2=" ">
    <subfield code="a">fre</subfield>
  </datafield>
  <datafield tag="042" ind1=" " ind2=" ">
    <subfield code="a">dc</subfield>
  </datafield>
  <datafield tag="100" ind1="1" ind2="0">
    <subfield code="a">Marinos, Cl&#xE9;ment</subfield>
    <subfield code="e">author</subfield>
  </datafield>
  <datafield tag="700" ind1="1" ind2="0">
    <subfield code="a">Le Gall, S&#xE9;bastien</subfield>
    <subfield code="e">author</subfield>
  </datafield>
  <datafield tag="245" ind1="0" ind2="0">
    <subfield code="a">Les r&#xE9;seaux d&#x2019;entreprises locaux&#xA0;: un vecteur d&#x2019;empowerment territorial</subfield>
  </datafield>
  <datafield tag="260" ind1=" " ind2=" ">
    <subfield code="c">2018.
							</subfield>
  </datafield>
  <datafield tag="500" ind1=" " ind2=" ">
    <subfield code="a">100</subfield>
  </datafield>
  <datafield tag="520" ind1=" " ind2=" ">
    <subfield code="a">L&#x2019;objectif principal de notre recherche consiste &#xE0; rendre compte du r&#xF4;le charni&#xE8;re des r&#xE9;seaux &#xE9;conomiques locaux en tant que vecteur d&#x2019; empowerment des dirigeants d&#x2019;entreprise dans la conception des politiques publiques et, plus largement, dans le processus de d&#xE9;cision publique. Autrement dit, l&#x2019;action collective, qui passe notamment par l&#x2019;influence sur les d&#xE9;cisions publiques, serait facilit&#xE9;e par les r&#xE9;seaux d&#x2019;entreprises. Dans ce cadre, nous privil&#xE9;gions une approche compr&#xE9;hensive au sens o&#xF9; notre point de d&#xE9;part na&#xEE;t de l&#x2019;observation des interactions entre r&#xE9;seaux et sph&#xE8;re publique, avec comme perspective de la relier au concept d&#x2019; empowerment. Nous contribuons ainsi &#xE0; une meilleure compr&#xE9;hension de l&#x2019;encastrement des dirigeants dans les r&#xE9;seaux locaux dont l&#x2019; empowerment territorial, comme processus conduisant les communaut&#xE9;s d&#x2019;un territoire &#xE0; influencer les conditions d&#x2019;actions ou les actions elles-m&#xEA;mes, constitue l&#x2019;une des dimensions. En termes de r&#xE9;sultats, nos travaux montrent l&#x2019;int&#xE9;r&#xEA;t &#xE0; mobiliser le concept d&#x2019; empowerment, souvent appliqu&#xE9; aux groupes sociaux comme des minorit&#xE9;s ethniques ou religieuses, pour &#xE9;tudier les clubs et les r&#xE9;seaux locaux d&#x2019;entreprises. En effet, sous certaines conditions individuelles et collectives, ces r&#xE9;seaux constituent des lieux d&#x2019;&#xE9;changes et d&#x2019;actions influen&#xE7;ant le projet de territoire et contribuant &#xE0; la fabrique des politiques publiques.</subfield>
  </datafield>
  <datafield tag="520" ind1=" " ind2=" ">
    <subfield code="a">The main objective of our research is to account the major role of economic networks as empowerment vector for local business leaders in public policy-making and more largely in public decision process. Networks of firms reinforce collective action, including when it influences public decision. In this context, we adopt a comprehensive approach in the sense that our starting point is born with observing interactions between networks and the public sphere in connection with the concept of empowerment. We contribute to a better understanding of the embeddedness of business leaders in social networks. In this respect, local empowerment is defined as a process influencing public action. In terms of results, our work shows the benefit of transferring the concept of empowerment, traditionally applied to social groups such as ethnic or religious minorities, to business clubs. According to individual and collective characteristics, these networks are places for exchanges and actions influencing the local project and contributing to public policy making.</subfield>
  </datafield>
  <datafield tag="690" ind1=" " ind2=" ">
    <subfield code="a">d&#xE9;veloppement territorial</subfield>
  </datafield>
  <datafield tag="690" ind1=" " ind2=" ">
    <subfield code="a">dirigeants</subfield>
  </datafield>
  <datafield tag="690" ind1=" " ind2=" ">
    <subfield code="a">empowerment</subfield>
  </datafield>
  <datafield tag="690" ind1=" " ind2=" ">
    <subfield code="a">gouvernance</subfield>
  </datafield>
  <datafield tag="690" ind1=" " ind2=" ">
    <subfield code="a">r&#xE9;seaux d&#x2019;entreprises</subfield>
  </datafield>
  <datafield tag="690" ind1=" " ind2=" ">
    <subfield code="a">business leaders</subfield>
  </datafield>
  <datafield tag="690" ind1=" " ind2=" ">
    <subfield code="a">business networks</subfield>
  </datafield>
  <datafield tag="690" ind1=" " ind2=" ">
    <subfield code="a">empowerment</subfield>
  </datafield>
  <datafield tag="690" ind1=" " ind2=" ">
    <subfield code="a">governance</subfield>
  </datafield>
  <datafield tag="690" ind1=" " ind2=" ">
    <subfield code="a">territorial development</subfield>
  </datafield>
  <datafield tag="786" ind1="0" ind2=" ">
    <subfield code="n">G&#xE9;ographie, &#xE9;conomie, soci&#xE9;t&#xE9; | 20 | 3 | 2018-10-16 | p. 343-358 | 1295-926x</subfield>
  </datafield>
  <datafield tag="856" ind1="4" ind2="1">
    <subfield code="u">https://shs.cairn.info/revue-geographie-economie-societe-2018-3-page-343?lang=fr&amp;redirect-ssocas=7080</subfield>
  </datafield>
  <datafield tag="999" ind1=" " ind2=" ">
    <subfield code="c">1735009</subfield>
    <subfield code="d">1735009</subfield>
  </datafield>
</record>
